<?xml version="1.0" encoding="UTF-8"?>
<record
    xmlns:xsi="http://www.w3.org/2001/XMLSchema-instance"
    xsi:schemaLocation="http://www.loc.gov/MARC21/slim http://www.loc.gov/standards/marcxml/schema/MARC21slim.xsd"
    xmlns="http://www.loc.gov/MARC21/slim">

  <leader>00587nam a22001457a 4500</leader>
  <datafield tag="082" ind1=" " ind2=" ">
    <subfield code="a">891.4391</subfield>
  </datafield>
  <datafield tag="245" ind1=" " ind2=" ">
    <subfield code="a">Dev&#x101;n-i G&#x332;h&#x332;&#x101;lib</subfield>
    <subfield code="c">Imtiyaz Ali Khan Arshi</subfield>
  </datafield>
  <datafield tag="250" ind1=" " ind2=" ">
    <subfield code="a">1st</subfield>
  </datafield>
  <datafield tag="260" ind1=" " ind2=" ">
    <subfield code="a">Lahore</subfield>
    <subfield code="b">Maktaba Jadeed Press</subfield>
    <subfield code="c">1992</subfield>
  </datafield>
  <datafield tag="300" ind1=" " ind2=" ">
    <subfield code="a">viii, 572 Pages</subfield>
    <subfield code="b">18x24 cm</subfield>
    <subfield code="b">HB</subfield>
  </datafield>
  <datafield tag="505" ind1=" " ind2=" ">
    <subfield code="a">Include Errata and Index.</subfield>
  </datafield>
  <datafield tag="650" ind1=" " ind2=" ">
    <subfield code="a">Urdu Literature - Pakistan</subfield>
    <subfield code="a">Urdu Literature - Pakistan - Dev&#x101;n-i G&#x332;h&#x332;&#x101;lib</subfield>
    <subfield code="a">Urdu Literature - Pakistan - Poetry</subfield>
    <subfield code="a">Urdu Literature - Pakistan - Dewan-e-Ghalib</subfield>
    <subfield code="a">Urdu Literature - Pakistan - Urdu Classics</subfield>
  </datafield>
  <datafield tag="700" ind1=" " ind2=" ">
    <subfield code="a">Edited by Arshi, Imtiyaz Ali Khan</subfield>
  </datafield>
  <datafield tag="942" ind1=" " ind2=" ">
    <subfield code="c">BK</subfield>
  </datafield>
  <datafield tag="999" ind1=" " ind2=" ">
    <subfield code="c">7781</subfield>
    <subfield code="d">7781</subfield>
  </datafield>
  <datafield tag="952" ind1=" " ind2=" ">
    <subfield code="0">0</subfield>
    <subfield code="1">0</subfield>
    <subfield code="4">0</subfield>
    <subfield code="6">891_439100000000000_A781D_1992</subfield>
    <subfield code="7">0</subfield>
    <subfield code="8">NFIC</subfield>
    <subfield code="9">8167</subfield>
    <subfield code="a">GPL</subfield>
    <subfield code="b">GPL</subfield>
    <subfield code="c">GEN</subfield>
    <subfield code="d">2016-12-30</subfield>
    <subfield code="e">MSL</subfield>
    <subfield code="g">250.00</subfield>
    <subfield code="l">3</subfield>
    <subfield code="o">891.4391 A781D 1992</subfield>
    <subfield code="p">20104</subfield>
    <subfield code="r">2024-08-29</subfield>
    <subfield code="s">2024-08-15</subfield>
    <subfield code="w">2016-12-30</subfield>
    <subfield code="y">BK</subfield>
  </datafield>
</record>
